Skew fields : theory of general division rings /

Guardado en:
Autor Principal: Cohn, P. M.
Formato: Libro
Idioma:English
Publicado: Cambridge : Cambridge University Press, 1995.
Series:Encyclopedia of mathematics and its applications ; v. 57
Materias:
Acceso en línea:Publisher description
Etiquetas: Agregar Etiqueta
Sin Etiquetas, Sea el primero en etiquetar este registro!
LEADER 01506cam a2200277 a 4500
001 MAT.inmabb003790
008 950515s1995####nyua#####b####001#0#eng##
005 20150707210848.0
245 1 0 |a Skew fields :  |b theory of general division rings /  |c P. M. Cohn. 
260 |a Cambridge :  |b Cambridge University Press,  |c 1995. 
300 |a xv, 500 p. :  |b il. ;  |c 24 cm. 
440 0 |a Encyclopedia of mathematics and its applications ;  |v v. 57 
500 |a Versión revisada de la obra del autor Skew field constructions. Cambridge : Cambridge University Press, 1977 (London Mathematical Society lecture note series ; 27). 
504 |a Incluye referencias bibliográficas (p. 478-494) e índices. 
505 0 |a 1. Rings and their fields of fractions -- 2. Skew polynomial rings and power series rings -- 3. Finite skew field extensions and applications -- 4. Localization -- 5. Coproducts of fields -- 6. General skew fields -- 7. Rational relations and rational identities -- 8. Equations and singularities -- 9. Valuations and orderings on skew fields. 
510 4 |a MR,  |c 97d:12003 
020 |a 0521432170 
100 1 |a Cohn, P. M.  |q (Paul Moritz) 
700 1 |a Cohn, P. M.  |q (Paul Moritz)  |t Skew field constructions.  |4 ant 
650 0 |a Division rings. 
650 0 |a Algebraic fields. 
084 |a 12E15 (16K40)  |2 msc2000 
010 |a  95020221  
040 |a DLC  |c DLC  |d DLC 
856 4 2 |3 Publisher description  |u http://www.loc.gov/catdir/description/cam027/95020221.html 
859 |h 12  |i C6785  |p A-7709  |b BIB. MATEMATICA